Координационные цианиды переходных металлов с однородными и смешанными лигандами

التفاصيل البيبلوغرافية
المؤلف الرئيسي: Сергеева А. Н. Ангелина Николаевна
مؤلفون آخرون: Павленко Л. И. (редактор), Довгей В. В.
اللغة:الروسية
منشور في: Львов, Вища школа, 1983
الموضوعات:
التنسيق: كتاب
KOHA link:https://koha.lib.tpu.ru/cgi-bin/koha/opac-detail.pl?biblionumber=304020

MARC

LEADER 00000nam0a2200000 4500
001 304020
005 20231102001647.0
020 |a RU  |b 83-22632 
035 |a (RuTPU)RU\TPU\book\329255 
090 |a 304020 
100 |a 20150909d1983 km y0rusy5003 ca 
101 0 |a rus 
102 |a UA 
105 |a a z 001zy 
200 1 |a Координационные цианиды переходных металлов с однородными и смешанными лигандами  |f А. Н. Сергеева  |g под ред. Л. И. Павленко, В. В. Довгея 
210 |a Львов  |c Вища школа  |d 1983 
215 |a 79 с.  |c ил. 
320 |a Библиогр.: с. 74-78 
606 1 |a Металлы переходные  |x Комплексные соединения  |x Химия  |2 stltpush  |3 (RuTPU)RU\TPU\subj\75064  |9 86945 
610 1 |a цианиды 
610 1 |a координационные соединения 
610 1 |a лиганды 
610 1 |a синтез 
610 1 |a исследование 
610 1 |a соли 
610 1 |a каталитические свойства 
675 |a 546.302  |v 3 
700 1 |a Сергеева  |b А. Н.  |g Ангелина Николаевна  |4 070 
702 1 |a Павленко  |b Л. И.  |4 340 
702 1 |a Довгей  |b В. В.  |4 340 
801 0 |a RU  |b RuMRKP  |c 19950704  |g psbo 
801 1 |a RU  |b 63413507  |c 20150909 
801 2 |a RU  |b 63413507  |c 20190701  |g RCR 
942 |c BK